| 000 | 00473pab a2200181 454500 | ||
|---|---|---|---|
| 008 | 180718b2013 xxu||||| |||| 00| 0 eng d | ||
| 100 | _aFlaschel, Peter | ||
| 245 | _aLabour productivity and the law of decreasing labour content | ||
| 260 | _c2013 | ||
| 300 | _ap.379-402. | ||
| 362 | _aMar | ||
| 650 | _aLabour productivity | ||
| 700 | _aVeneziani, Roberto | ||
| 700 | _aFranke, Reiner | ||
| 773 | _aCambridge Journal of Economics | ||
| 908 | _aN | ||
| 909 | _a99105 | ||
| 999 |
_c99104 _d99104 |
||